| 000 | 006080000a22001810004500 | ||
|---|---|---|---|
| 003 | MACL | ||
| 005 | 20160529163730.0 | ||
| 008 | 160529b xxu||||| |||| 00| 0 eng d | ||
| 040 |
_aMACL _cMACL |
||
| 041 | _aHindi | ||
| 082 | _a891.433 GUP | ||
| 100 |
_aगुप्त, सं. शिवकुमार _960897 |
||
| 245 |
_aभारतीय चिन्तन का इतिहास _cसं. शिवकुमार गुप्त |
||
| 260 |
_bपंचशील प्रकाशन _c1999 _aजयपुर |
||
| 350 | _a300 | ||
| 650 |
_aHistory _960898 |
||
| 942 |
_cHIN _k900 _2ddc |
||
| 999 |
_c9479 _d9479 |
||